000 01049nam a2200265 a 4500
008 180814s2016 ||||||||||||||||| || u
020 _a9781446298695
020 _a1446298698 (paperback)
020 _a144629868X
020 _a9781446298688
050 _aHM 742 Car
100 _aCarrigan, Mark
245 1 0 _aSocial media for academics
_cMark Carrigan
260 _aLos Angeles
_bSAGE Publications
_c2016
300 _ax, 194 pages ; 24 cm
337 _aunmediated
338 _avolume
_2rdacarrier
350 _a32.47
500 _aIncludes bibliographical references (pages 171-184) and index.
650 0 _aSOCIAL MEDIA
650 0 _aONLINE SOCIAL NETWORKS
995 _aMAIN LIBRARY OPEN ACCESS
_e748476
_FCBU-MAIN LIBRARY (Kitwe)
_I32.47
_jHM 742 Car
_M3
_UAVAILABLE
_WAug 31, 2018
_y748476
_ZMain Library Open Access Collection
995 _aMAIN LIBRARY OPEN ACCESS
_e748477
_FCBU-MAIN LIBRARY (Kitwe)
_I32.47
_jHM 742 Car
_M4
_UAVAILABLE
_WAug 31, 2018
_y748477
_ZMain Library Open Access Collection
999 _c76584
_d76584